Business model you : (Record no. 20776)
[ view plain ]
| 000 -LEADER | |
|---|---|
| fixed length control field | 01169cam a22002775a 4500 |
| 001 - CONTROL NUMBER | |
| control field | 17275271 |
| 005 - DATE AND TIME OF LATEST TRANSACTION | |
| control field | 20201128023548.0 |
| 008 - FIXED-LENGTH DATA ELEMENTS--GENERAL INFORMATION | |
| fixed length control field | 120427s2012 njua 000 0 eng d |
| 020 ## - INTERNATIONAL STANDARD BOOK NUMBER | |
| International Standard Book Number | 9781118156315 (pbk.) |
| 020 ## - INTERNATIONAL STANDARD BOOK NUMBER | |
| International Standard Book Number | 1118156315 (pbk.) |
| 040 ## - CATALOGING SOURCE | |
| Original cataloging agency | UKMGB |
| Language of cataloging | eng |
| Transcribing agency | UKMGB |
| Modifying agency | BKL |
| -- | JAO |
| -- | YDXCP |
| -- | OJ4 |
| -- | CZA |
| -- | DLC |
| -- | EG-ScBUE |
| 082 04 - DEWEY DECIMAL CLASSIFICATION NUMBER | |
| Classification number | 650.1 |
| Edition number | 22 |
| Item number | CLA |
| 100 1# - MAIN ENTRY--PERSONAL NAME | |
| Personal name | Clark, Tim, |
| Dates associated with a name | 1956- |
| 9 (RLIN) | 36912 |
| 245 10 - TITLE STATEMENT | |
| Title | Business model you : |
| Remainder of title | a one-page method for reinventing your career / |
| Statement of responsibility, etc | written by Timothy Clark with Alexander Osterwalder and Yves Pigneur. |
| 260 ## - PUBLICATION, DISTRIBUTION, ETC. (IMPRINT) | |
| Place of publication, distribution, etc | Hoboken : |
| Name of publisher, distributor, etc | John Wiley & Sons, |
| Date of publication, distribution, etc | c.2012. |
| 300 ## - PHYSICAL DESCRIPTION | |
| Extent | 257 p. : |
| Other physical details | ill. (col.) ; |
| Dimensions | 25 cm. |
| 504 ## - BIBLIOGRAPHY, ETC. NOTE | |
| Bibliography, etc | Bibliography : p. 256-257. |
| 520 ## - SUMMARY, ETC. | |
| Summary, etc | Offers advice and inspiration for readers interested in changing their career or life paths, presenting techniques for designing and implementing a business model for an individual personal life. |
| 650 #7 - SUBJECT ADDED ENTRY--TOPICAL TERM | |
| Topical term or geographic name as entry element | Career development. |
| Source of heading or term | BUEsh |
| 9 (RLIN) | 4229 |
| 650 #7 - SUBJECT ADDED ENTRY--TOPICAL TERM | |
| Topical term or geographic name as entry element | Success in business. |
| Source of heading or term | BUEsh |
| 9 (RLIN) | 1390 |
| 651 ## - SUBJECT ADDED ENTRY--GEOGRAPHIC NAME | |
| Source of heading or term | BUEsh |
| 653 ## - INDEX TERM--UNCONTROLLED | |
| Resource For college | BAEPS, Business Administration |
| Arrived date list | August2015 |
| -- | December2015 |
| 700 1# - ADDED ENTRY--PERSONAL NAME | |
| Personal name | Osterwalder, Alexander. |
| 9 (RLIN) | 36910 |
| 700 1# - ADDED ENTRY--PERSONAL NAME | |
| Personal name | Pigneur, Yves. |
| 9 (RLIN) | 36911 |
| 942 ## - ADDED ENTRY ELEMENTS (KOHA) | |
| Source of classification or shelving scheme | Dewey Decimal Classification |
| Withdrawn status | Lost status | Source of classification or shelving scheme | Damaged status | Not for loan | Koha collection | Home library | Current library | Shelving location | Date acquired | Source of acquisition | Cost, normal purchase price | Serial Enumeration / chronology | Total Checkouts | Full call number | Barcode | Checked out | Date last seen | Date last borrowed | Cost, replacement price | Koha item type |
|---|---|---|---|---|---|---|---|---|---|---|---|---|---|---|---|---|---|---|---|---|
| Dewey Decimal Classification | Baccah | Central Library | Central Library | First floor | 31/08/2015 | Purchase | 177.00 | 23317 | 1 | 650.1 CLA | 000039579 | 20/11/2025 | 21/10/2025 | 21/10/2025 | 221.00 | Book - Borrowing |